[Event "Las Condes zt 2.5"]
[Site "Las Condes"]
[Date "2005.11.10"]
[Round "6"]
[White "Arancibia Guzman, Eduardo"]
[Black "Maturana Sainz, Ignacio"]
[Result "1-0"]
[WhiteElo "2414"]
[BlackElo "2096"]
[PlyCount "69"]
[EventDate "2005.11.07"]
[EventType "swiss"]
[EventRounds "9"]
[EventCountry "CHI"]
[SourceTitle "EXT 2006"]
[Source "ChessBase"]
[SourceDate "2005.11.24"]
[SourceVersion "1"]
[SourceVersionDate "2005.11.24"]
[SourceQuality "1"]

1. d4 Nf6 2. Nf3 d6 3. Nc3 Bg4 4. e4 Nbd7 5. e5 dxe5 6. dxe5 Bxf3 7. Qxf3 Nxe5 8. Qxb7 Qc8 9. Qxc8+ Rxc8 10. Ba6 Rb8 11. Bf4 Nfd7 12. 0-0-0 c6 13. Rhe1 f6 14. Ne4 g5 15. Be3 Bg7 16. Ng3 Nb6 17. Nf5 Kf7 18. Bd4 Nbd7 19. Bc4+ Kf8 20. Be6 c5 21. Bc3 Nb6 22. Bxe5 fxe5 23. Nxg7 Kxg7 24. Rxe5 c4 25. Rde1 h6 26. R5e4 Rhf8 27. R1e2 Rb7 28. Bxc4 Nxc4 29. Rxc4 Rd8 30. b3 Rd6 31. Rce4 Kf6 32. Rd2 Rc6 33. Kb2 e5 34. Rd5 Re7 35. c4 1-0

[Event "Mayor de Chile op"]
[Site "Santiago de Chile"]
[Date "2005.02.15"]
[Round "2"]
[White "Maturana Sainz, Ignacio"]
[Black "Sepulveda Rojas, Jorge Moises"]
[Result "0-1"]
[WhiteElo "2142"]
[BlackElo "2270"]
[PlyCount "100"]
[EventDate "2005.02.14"]
[EventType "swiss"]
[EventRounds "11"]
[EventCountry "CHI"]
[SourceTitle "EXT 2006"]
[Source "ChessBase"]
[SourceDate "2005.11.24"]
[SourceVersion "1"]
[SourceVersionDate "2005.11.24"]
[SourceQuality "1"]

1. e4 c5 2. Nc3 Nc6 3. f4 g6 4. Nf3 Bg7 5. Bc4 e6 6. f5 Nge7 7. fxe6 fxe6 8. d3 a6 9. a4 d5 10. Ba2 b5 11. Bg5 b4 12. Ne2 Bxb2 13. 0-0 0-0 14. Nf4 Qd6 15. Ne2 Bb7 16. Ng3 Ne5 17. Rb1 Bc3 18. Bh6 Nxf3+ 19. Rxf3 Bg7 20. Be3 a5 21. Qe2 Nc6 22. Rbf1 Bd4 23. exd5 exd5 24. Ne4 Qe5 25. Rxf8+ Rxf8 26. Rxf8+ Kxf8 27. Qf2+ Ke7 28. Bxd4 Qxd4 29. Qxd4 Nxd4 30. Nxc5 Bc6 31. Nb3 Ne2+ 32. Kf2 Nc3 33. Nxa5 Ba8 34. Ke3 Nxa2 35. Kd4 Kd6 36. Nb3 Nc3 37. a5 Bb7 38. g4 h6 39. h4 g5 40. hxg5 hxg5 41. Nd2 Nb5+ 42. Ke3 d4+ 43. Ke2 Bd5 44. a6 Nc7 45. a7 Nb5 46. Nf3 Bxf3+ 47. Kxf3 Nxa7 48. Ke4 Nb5 49. Kf5 Na3 50. Kxg5 Nxc2 0-1

[Event "CHI-ch 04"]
[Site "Santiago de Chile"]
[Date "2005.01.04"]
[Round "1"]
[White "Cuevas Araya, Walter"]
[Black "Maturana Sainz, Ignacio"]
[Result "0-1"]
[WhiteElo "2185"]
[BlackElo "2142"]
[PlyCount "50"]
[EventDate "2005.01.04"]
[EventType "tourn"]
[EventRounds "11"]
[EventCountry "CHI"]
[EventCategory "2"]
[SourceTitle "CBM 104 Extra"]
[Source "ChessBase"]
[SourceDate "2005.03.01"]
[SourceVersion "1"]
[SourceVersionDate "2005.03.01"]
[SourceQuality "1"]

1. e4 c5 2. Nf3 d6 3. d4 cxd4 4. Nxd4 Nf6 5. Nc3 a6 6. Be2 b5 7. 0-0 e6 8. a3 Bb7 9. Qe1 Be7 10. f4 Qb6 11. Be3 Nxe4 12. Nxe4 Bxe4 13. Nf5 Qb7 14. Nxg7+ Kd7 15. f5 Rg8 16. fxe6+ fxe6 17. Rf7 Bg6 18. Bxb5+ Qxb5 19. Rxe7+ Kxe7 20. Bg5+ Qxg5 21. Qxe6+ Kf8 22. Nf5 Bxf5 23. Qxd6+ Kg7 24. Re1 Nd7 25. h4 Qf6 0-1

[Event "Santiago op"]
[Site "Santiago de Chile"]
[Date "2002.??.??"]
[Round "9"]
[White "Egger Mancilla, Jorge Alejandro"]
[Black "Maturana Sainz, Ignacio"]
[Result "1/2-1/2"]
[WhiteElo "2435"]
[BlackElo "2153"]
[PlyCount "192"]
[EventDate "2002.04.??"]
[EventType "swiss"]
[EventRounds "9"]
[EventCountry "CHI"]
[SourceTitle "EXT 2003"]
[Source "ChessBase"]
[SourceDate "2002.11.25"]
[SourceVersion "1"]
[SourceVersionDate "2002.11.25"]
[SourceQuality "1"]

1. e4 e5 2. Nf3 Nc6 3. Bb5 a6 4. Ba4 Nf6 5. 0-0 b5 6. Bb3 Be7 7. c3 d6 8. h3 0-0 9. d4 Bb7 10. Re1 Re8 11. Nbd2 Bf8 12. d5 Nb8 13. Nf1 Nbd7 14. N3h2 Nc5 15. Bc2 c6 16. b4 Ncd7 17. dxc6 Bxc6 18. Bg5 Qc7 19. Ng4 Be7 20. Bxf6 Nxf6 21. Qf3 Nxg4 22. hxg4 g6 23. Bb3 Bg5 24. Rad1 Red8 25. Rd3 Qb7 26. Qe2 Rac8 27. f3 Rc7 28. Red1 Be8 29. Ne3 Qa7 30. Kf1 Bf4 31. Nd5 Bg3 32. Nxc7 Qxc7 33. Qe3 Qe7 34. Ke2 Qh4 35. Rxd6 Rxd6 36. Rxd6 Qh1 37. Rd8 Kf8 38. Qc5+ Kg7 39. Qe3 Qe1+ 40. Kd3 Qb1+ 41. Bc2 Qxa2 42. Qg1 Bf4 43. Qc5 Qa1 44. Ke2 Qb2 45. Kd3 Qa1 46. Ke2 Qb2 47. Rd2 Qc1 48. Rd8 Qxc2+ 49. Kf1 Qc1+ 50. Ke2 Bg3 51. Rd1 Qc2+ 52. Rd2 Qb3 53. Qc8 Qc4+ 54. Qxc4 bxc4 55. Rd6 Bb5 56. Rb6 h5 57. gxh5 gxh5 58. Rd6 Bf4 59. Kf2 h4 60. Ke2 f6 61. Rb6 Kg6 62. Rb8 Bc1 63. Rh8 Bg5 64. Rb8 Kf7 65. Rd8 Ke7 66. Rd1 Ba4 67. Rd5 Bc6 68. Ra5 Bb5 69. Ra2 Kd6 70. Kf2 Kc6 71. g3 hxg3+ 72. Kxg3 Kb6 73. Kg4 Bd7+ 74. Kh5 Bh3 75. Kg6 Bf1 76. Kf7 Bd3 77. Ke6 Bh4 78. Kf5 Be1 79. Ra3 Bh4 80. Kg4 Bg5 81. Ra2 Bb1 82. Rg2 a5 83. bxa5+ Kxa5 84. Kf5 Ka4 85. Rb2 Bd3 86. Ke6 Bc1 87. Rb4+ Ka3 88. Kxf6 Bd2 89. Rxc4 Bxc4 90. Kxe5 Bxc3+ 91. Kd6 Be1 92. Ke5 Kb4 93. f4 Kc5 94. f5 Kc6 95. Kf6 Bd3 96. Ke5 Kd7 1/2-1/2

[Event "Santiago op"]
[Site "Santiago de Chile"]
[Date "2002.??.??"]
[Round "5"]
[White "Pineda Polanco, Adolfo"]
[Black "Maturana Sainz, Ignacio"]
[Result "1-0"]
[WhiteElo "2181"]
[BlackElo "2153"]
[PlyCount "73"]
[EventDate "2002.04.??"]
[EventType "swiss"]
[EventRounds "9"]
[EventCountry "CHI"]
[SourceTitle "EXT 2003"]
[Source "ChessBase"]
[SourceDate "2002.11.25"]
[SourceVersion "1"]
[SourceVersionDate "2002.11.25"]
[SourceQuality "1"]

1. d4 Nf6 2. c4 c5 3. d5 b5 4. cxb5 a6 5. bxa6 Bxa6 6. Nc3 g6 7. e4 Bxf1 8. Kxf1 d6 9. Nf3 Nbd7 10. Nd2 Bg7 11. Nc4 0-0 12. g3 Nb6 13. Nxb6 Qxb6 14. Kg2 Nd7 15. Qe2 Rfb8 16. h4 Qb4 17. Nd1 Qd4 18. Bd2 Ne5 19. Bc3 Qd3 20. Re1 c4 21. f3 Qxe2+ 22. Rxe2 Nd3 23. Kf1 Bxc3 24. bxc3 Ra3 25. Rc2 Kg7 26. Ne3 Ra4 27. Rd1 Rb2 28. Rxb2 Nxb2 29. Rd2 Rxa2 30. Kg2 Nd1 31. Rxa2 Nxe3+ 32. Kg1 Kf6 33. Rd2 Ke5 34. Kf2 Ng4+ 35. fxg4 Kxe4 36. Rd4+ Ke5 37. Ke3 1-0

[Event "Santiago op"]
[Site "Santiago de Chile"]
[Date "1999.??.??"]
[Round "8"]
[White "Maturana Sainz, Ignacio"]
[Black "Fuentes, Carlos"]
[Result "0-1"]
[WhiteElo "2172"]
[BlackElo "2195"]
[PlyCount "84"]
[EventDate "1999.??.??"]
[EventType "swiss"]
[EventRounds "9"]
[EventCountry "CHI"]
[SourceTitle "EXT 2000"]
[Source "ChessBase"]
[SourceDate "1999.11.16"]
[SourceVersion "1"]
[SourceVersionDate "1999.11.16"]
[SourceQuality "1"]

1. e4 b6 2. d4 Bb7 3. Bd3 e6 4. Ne2 Nf6 5. f3 d5 6. e5 Nfd7 7. 0-0 c5 8. c3 Nc6 9. a3 Be7 10. Be3 c4 11. Bc2 Qc7 12. Nd2 Na5 13. Qe1 0-0-0 14. Qf2 Rdg8 15. f4 f5 16. b4 Nc6 17. a4 h6 18. Nxc4 dxc4 19. d5 exd5 20. Rfd1 Kb8 21. Rxd5 Ncxe5 22. Rxe5 Nxe5 23. fxe5 g5 24. a5 Qxe5 25. Bd4 Qd5 26. axb6 a6 27. Ra5 Qc6 28. Bxf5 Rf8 29. Be5+ Ka8 30. Nd4 Qxb6 31. Bc7 Qa7 32. b5 Bc5 33. Be5 Rxf5 34. Qxf5 Rg8 35. Qb1 Qb6 36. Ra2 Re8 37. Re2 Rxe5 38. Rxe5 Bxd4+ 39. cxd4 Qxd4+ 40. Kh1 Qxe5 41. b6 Qe4 42. Qg1 Qxg2+ 0-1